09/11 8:48 AM : documenting America's greatest tragedy /
Збережено в:
| Співавтор: | |
|---|---|
| Інші автори: | , , |
| Формат: | Невідомо |
| Мова: | English |
| Опубліковано: |
[Charleston, SC]:
BookSurge.com,
2001
|
| Предмети: | |
| Теги: |
Додати тег
Немає тегів, Будьте першим, хто поставить тег для цього запису!
|
MARC
| LEADER | 000000000a22000000004500 | ||
|---|---|---|---|
| 001 | 001323 | ||
| 008 | 170628s2001 -us||||| |||| 00| 0 eng d | ||
| 020 | |a 1531090113 | ||
| 041 | 0 | |a inglés | |
| 082 | |a 303.6 |b N532z | ||
| 110 | 2 | |a New York University. C | |
| 245 | 1 | 0 | |a 09/11 8:48 AM : documenting America's greatest tragedy / |c Department of Journalism |
| 260 | |a [Charleston, SC]: |b BookSurge.com, |c 2001 | ||
| 300 | |a 319 páginas | ||
| 500 | |a Número de inscripción 8915 (Colección George Yúdice) | ||
| 650 | 4 | |a TERRORISMO | |
| 650 | 4 | |a NEW YORK | |
| 650 | 4 | |a SETIEMBRE 11 (ATAQUE TERRORISTA, 2001) | |
| 700 | 1 | 2 | |a Global Writing Worth Reading, |e editor |
| 700 | 1 | 2 | |a Rosen, Jay, |e prefacio |
| 700 | 1 | 2 | |a Casey, Ethan, |e introducción |
| 942 | |2 ddc |c BK | ||
| 999 | |c 2339 |d 2339 | ||
